| 000 | 00971nam a22002057a 4500 | ||
|---|---|---|---|
| 999 |
_c22137 _d22137 |
||
| 003 | AR-CdUCM | ||
| 008 | 190605b ||||| |||| 00| 0 spa d | ||
| 040 |
_aMUNICIPALIDAD PROVINCIAL DEL CUSCO _cBIBLIOTECA MUNICIPAL DEL CUSCO |
||
| 082 | _aMachupicchu/N°8/2007 | ||
| 245 |
_aLa Revista Machupicchu / _bperiodismo de investigación análisis y opinión _cWilbert Huamán Rodríguez, Director |
||
| 260 |
_aCusco. _b[sn], _c2007. |
||
| 300 |
_a22 páginas. : _bilustraciones ; _c28 cm. |
||
| 440 |
_aLa Revista Machupicchu. _nAño 03, edición 8, febrero-marzo 2007. _947521 |
||
| 505 | _aContenido: Seis meses de gobierno de Alan García. -- Detenidos por actos de terrorismo no todos son de Sendero Luminoso. -- Calca nuevo destino turístico. -- Apostando por el cambio Marasal. -- Remembranzas del Carnaval cusqueño. ... | ||
| 650 |
_aCarnavales _910151 |
||
| 650 |
_aPeriodismo cusqueño _923805 |
||
| 650 |
_aSiglo XX _947518 |
||
| 942 |
_2ddc _cPP |
||
| 945 | _arac | ||